| 000 -LEADER |
| fixed length control field |
01196cam a2200289 a 4500 |
| 003 - CONTROL NUMBER IDENTIFIER |
| control field |
OSt |
| 005 - DATE AND TIME OF LATEST TRANSACTION |
| control field |
20200923130949.0 |
| 008 - FIXED-LENGTH DATA ELEMENTS--GENERAL INFORMATION |
| fixed length control field |
091005s2010 njua 001 0 eng |
| 010 ## - LIBRARY OF CONGRESS CONTROL NUMBER |
| LC control number |
2009041802 |
| 020 ## - INTERNATIONAL STANDARD BOOK NUMBER |
| International Standard Book Number |
9780470435489 |
| 020 ## - INTERNATIONAL STANDARD BOOK NUMBER |
| International Standard Book Number |
0470435488 |
| 035 ## - SYSTEM CONTROL NUMBER |
| System control number |
(OCoLC)ocn406177269 |
| 082 ## - DEWEY DECIMAL CLASSIFICATION NUMBER |
| Classification number |
741.2 |
| Item number |
LEG |
| 100 1# - MAIN ENTRY--PERSONAL NAME |
| Personal name |
Leggitt, Jim. |
| 245 10 - TITLE STATEMENT |
| Title |
Drawing shortcuts : |
| Remainder of title |
developing quick drawing skills using today's technology / |
| Statement of responsibility, etc |
Jim Leggitt. |
| 246 30 - VARYING FORM OF TITLE |
| Title proper/short title |
Developing quick drawing skills using today's technology |
| 250 ## - EDITION STATEMENT |
| Edition statement |
2nd ed. |
| 260 ## - PUBLICATION, DISTRIBUTION, ETC. (IMPRINT) |
| Place of publication, distribution, etc |
Hoboken, N.J. : |
| Name of publisher, distributor, etc |
John Wiley & Sons, |
| Date of publication, distribution, etc |
c2010. |
| 300 ## - PHYSICAL DESCRIPTION |
| Extent |
xi, 251 p. : |
| Other physical details |
ill. (some col.) ; |
| Dimensions |
23 x 28 cm. |
| 500 ## - GENERAL NOTE |
| General note |
Includes index. |
| 504 ## - BIBLIOGRAPHY, ETC. NOTE |
| Bibliography, etc |
Includes bibliographical references and index. |
| 505 0# - FORMATTED CONTENTS NOTE |
| Formatted contents note |
Introduction -- Traditional drawing types -- Drawing composition -- Traditional drawing tools -- Traditional coloring tools -- Traditional entourage drawing -- Digital drawing tools -- Tradigital drawing -- Drawing gallery. |
| 650 #0 - SUBJECT ADDED ENTRY--TOPICAL TERM |
| Topical term or geographic name as entry element |
Drawing |
| General subdivision |
Technique. |
| 650 #0 - SUBJECT ADDED ENTRY--TOPICAL TERM |
| Topical term or geographic name as entry element |
Computer art |
| General subdivision |
Technique. |
| 942 ## - ADDED ENTRY ELEMENTS (KOHA) |
| Source of classification or shelving scheme |
|
| 955 ## - COPY-LEVEL INFORMATION (RLIN) |
| Book number/undivided call number, CCAL (RLIN) |
rc14 2009-10-05; |
| Copy information and material description, CCAL + MDES (RLIN) |
rc14 2009-10-05 to Subj. |
| Classification number, CCAL (RLIN) |
xe09 2010-03-23 1 copy rec'd., to CIP ver. |